000 00753nam a2200205 i 4500
001 68044
003 ES-MaACL
005 20231124062956.0
007 t|
008 040217s1910 sp |||| | spa d
080 _a821.134.2-31"18"
100 1 _aGanivet, Ángel,
_d1865-1898
_953864
245 1 3 _aLa conquista del reino de Maya por el último conquistador español Pío Cid /
_ccompuesta por Angel Ganivet.
260 _aMadrid :
_bVictoriano Suárez,
_c1910 (
_fHijos de Tello)
300 _a383 p. ;
_c20 cm.
530 _aDisponible en formato digital.
852 _aES-MaACL
_jB-2618
856 _uhttp://bibliotecadigital.jcyl.es/i18n/consulta/registro.cmd?id=5130
_zBiblioteca Digital de Castilla y León
999 _c68044
_d68044